<?xml version="1.0" encoding="UTF-8"?>
<marc:record xmlns:marc="http://www.loc.gov/MARC21/slim">
   <marc:leader>00000nam a2200000 a 4500</marc:leader>
   <marc:datafield ind1="1" ind2=" " tag="100">
      <marc:subfield code="a">Hartlieb, Petra</marc:subfield>
      <marc:subfield code="4">aut</marc:subfield>
      <marc:subfield code="e">Verfasser/-in</marc:subfield>
   </marc:datafield>
   <marc:datafield ind1=" " ind2=" " tag="653">
      <marc:subfield code="a">Buchhändlerin</marc:subfield>
   </marc:datafield>
   <marc:datafield ind1=" " ind2=" " tag="653">
      <marc:subfield code="a">Literatur</marc:subfield>
   </marc:datafield>
   <marc:datafield ind1=" " ind2=" " tag="653">
      <marc:subfield code="a">Bücher</marc:subfield>
   </marc:datafield>
   <marc:datafield ind1=" " ind2=" " tag="653">
      <marc:subfield code="a">Weihnachten</marc:subfield>
   </marc:datafield>
   <marc:datafield ind1=" " ind2=" " tag="653">
      <marc:subfield code="a">Liebeserklärung</marc:subfield>
   </marc:datafield>
   <marc:datafield ind1="0" ind2="0" tag="245">
      <marc:subfield code="a">Weihnachten in der wundervollen Buchhandlung</marc:subfield>
   </marc:datafield>
   <marc:datafield ind1="0" ind2="0" tag="245">
      <marc:subfield code="c">Petra Hartlieb</marc:subfield>
   </marc:datafield>
   <marc:datafield ind1=" " ind2="1" tag="264">
      <marc:subfield code="a">Köln</marc:subfield>
      <marc:subfield code="b">DuMont</marc:subfield>
      <marc:subfield code="c">2018</marc:subfield>
   </marc:datafield>
   <marc:datafield ind1="1" ind2=" " tag="490">
      <marc:subfield code="a">Buchhandlung</marc:subfield>
      <marc:subfield code="v">2.Teil</marc:subfield>
   </marc:datafield>
   <marc:datafield ind1="1" ind2=" " tag="520">
      <marc:subfield code="a">à oder beinahe tot«, denkt sich die Wiener Buchhändlerin und Autorin, Petra Hartlieb, wenn irgendwann im November der Weihnachtswahnsinn beginnt. Jeder Tisch, jedes Regal, jede noch so kleine Lücke im Laden ist gefüllt mit den Büchern fürs Weihnachtsgeschäft. Die Kunden kommen in Scharen - und oft genug in Panik. Sie stellen obskure Fragen, spielen lustiges Titelraten mit den Buchhändlerinnen, sind gehetzt, verzweifelt und manchmal auch einfach nur dankbar.
Viele Stammkunden sind mittlerweile zu guten Freunden geworden und bringen dringend benötigte Nahrung, Hilfe in jeder Form sowie gute Laune vorbei. Und so hat die schrecklichste Zeit des Jahres auch schöne Momente. Der allerschönste Tag ist für Petra Hartlieb aber immer noch der eine: der vierundzwanzigste Dezember - denn da gehen spätestens um 13 Uhr die Lichter in der Buchhandlung aus, und alles ist endlich vorbei. Für ein Jahr.</marc:subfield>
   </marc:datafield>
   <marc:datafield ind1="3" ind2=" " tag="024">
      <marc:subfield code="a">9783832198879</marc:subfield>
   </marc:datafield>
   <marc:datafield ind1=" " ind2=" " tag="041">
      <marc:subfield code="a">ger</marc:subfield>
   </marc:datafield>
   <marc:datafield ind1=" " ind2=" " tag="542">
      <marc:subfield code="d">Hartlieb, Petra</marc:subfield>
   </marc:datafield>
   <marc:datafield ind1=" " ind2=" " tag="300">
      <marc:subfield code="a">157 S.</marc:subfield>
   </marc:datafield>
</marc:record>
